000 00805nas a2200277 4500
001 BR0704345
003 BR-BrBNA
005 20231205111114.0
007 ta
008 230509b bl.|||p| |||| 00| 00por d
040 _aBR-BrBNA
_bpor
_cBiblioteca Nacional de Agricultura
041 _a(Pt)
072 _aS01
100 1 _aNachtigall, A.M.
100 1 _aZambiazi, R.C.
100 1 _aCarvalho, D.S. de
245 1 _aGeléia light de hibisco: características físicas e químicas
650 _aGELÉIA
650 _aADOÇANTE
650 _aREDUÇÃO
650 _aSÓLIDO
650 _aPROPRIEDADE FÍSICO-QUÍMICA
773 0 _tAlimentos e Nutrição (Brazil)
_xISSN 0103-4235
_g(2004), v. 15(2) p. 155-161
_wBR0704345
909 _a202311
_bLúcia
_c55
_dLúcia Elande
942 _2AGRIS
_n0
_cANA
999 _c190682
_d190682